LEADER 01232nam a2200289 i 4500 001 000000158349 003 CaOOAMICUS 005 20070206000000.0 008 070206s1982 it u000 u ita u 013 $a135712 040 $aSeMil$bita 100 1 $aHeissig, Walther.$0(OLS)http://semarc/name/41378 240 14$aDie Mongolen : ein Volk sucht seine Geschichte.$0(OLS)http://semarc/title/406263 245 12$aI mongoli :$bun popolo alla ricerca della propria storia /$cWalther Heissig ; traduzione dal tedesco di Maria Antonia Sironi. 260 $aMilano :$bRusconi,$c1982. 300 $a309 p. ;$c22 cm. 490 0 $aPopoli e civiltà 500 $aFondo Card. Giovanni Colombo. 650 4$aMongoli.$0(OLS)http://semarc/subject/9946 700 1 $aSironi, Maria Antonia.$0(OLS)http://semarc/name/22617 830 0$aPopoli e civiltà.$0(OLS)http://semarc/title/14227 850 $aSeMil 852 $aSeMil$W1$xVenegono$y1$m1C IV 152$j110000$B110000$CSeMilBibl$Z2$F119666 $81 941 1 $a3 961 $aLascito: Colombo Card. Giovanni 996 $6245$aI mongoli :$bun popolo alla ricerca della propria storia$9(OLS)http://semarc/title/139738 996 $6260$aMilano :$bRusconi$9(OLS)http://semarc/publisher/30258 LEADER 01747nas a2200313 i 4500 001 000000137598 003 CaOOAMICUS 005 20050419000000.0 008 050419b2003 it uu u0 0mul r 013 $a111392 020 $a88-85697-58-5 040 $aSeMil$bita 245 10$aEpigrafia e Storia delle religioni :$bdal documento epigrafico al problema storico-religioso /$ca cura di Paolo Xella e José-Ángel Zamora. 260 $aVerona :$bEssedue,$ccopyr. 2003. 300 $a141 p. :$bill. ;$c24 cm. 500 $aAtti dell'incontro di studio di Roma, Escuela Española de Historia y Arqueología en Roma, 28 maggio 2002. - Contiene : Bibliografia [sezioni]. 700 1 $aEscuela Española de Historia y Arqueología en Roma .$0(OLS)http://semarc/name/55819 700 1 $aIstituto per la civiltà fenicia e punica "Sabatino Moscati" .$0(OLS)http://semarc/name/55820 700 1 $aZamora, José-Ángel.$0(OLS)http://semarc/name/42302 700 1 $aXella, Paolo.$0(OLS)http://semarc/name/2333 700 1 $aIncontro di studio «Epigrafia e storia delle religioni : dal documento epigrafico al problema storico-religioso» <2002 ; Roma>.$0(OLS)http://semarc/name/55821 773 0 $tStudi Epigrafici e Linguistici.$dVerona : Essedue, 1984.$w()2981 774 0 $t[vedi periodico].$w()281076 850 $aSeMil 852 $aSeMil$W1$xVenegono$y1$m68 6 30$j91141$B91141$CSeMilBibl$Z2$F96075 $85 961 $aAbbonamento: Essedue Ed. 996 $6020$a88-85697-58-5$9(OLS)http://semarc/number/125384 996 $6245$aEpigrafia e Storia delle religioni :$bdal documento epigrafico al problema storico-religioso$9(OLS)http://semarc/title/201069 996 $6260$aVerona :$bEssedue$9(OLS)http://semarc/publisher/30993